Most Populated U.S. Cities by Letter - M - Statistics

General Stats
  • This quiz has been taken 122 times
  • The average score is 11 of 20
Answer Stats
Population State Answer % Correct
633,000 Tennessee Memphis
99%
442,000 Florida Miami
98%
430,000 Minnesota Minneapolis
96%
577,000 Wisconsin Milwaukee
93%
270,000 Wisconsin Madison
91%
504,000 Arizona Mesa
88%
201,000 Alabama Montgomery
85%
187,000 Alabama Mobile
72%
116,000 New Hampshire Manchester
62%
133,000 Texas Midland
51%
218,000 California Modesto
47%
153,000 Tennessee Murfreesboro
41%
142,000 Texas McAllen
40%
118,000 Idaho Meridian
36%
150,000 Texas Mesquite
29%
112,000 Florida Miami Gardens
27%
209,000 California Moreno Valley
27%
195,000 Texas McKinney
23%
135,000 Florida Miramar
17%
111,000 California Murrieta
16%
No matching quizzes found
Score Distribution
Percent of People with Each Score
Percentile by Number Answered
Your Score History
You have not taken this quiz